All the Geography I know By Letter-D - Statistics

General Stats
  • This quiz has been taken 72 times
  • The average score is 19 of 31
Answer Stats
Hint Answer % Correct
Capital of Ireland Dublin
100%
City in Texas Dallas
79%
Biggest city in Tanzania Dar Es Salaam
79%
Capital of Bangladesh Dhaka
78%
Capital of Senegal Dakar
74%
Capital of Colorado Denver
74%
City in Germany Dresden
74%
City in United Arab Emirates Dubai
74%
City in Germany Dusseldorf
74%
City in Australia Darwin
71%
City in Michigan Detroit
71%
Capital of a country with the same name. Djibouti
71%
City in South Africa Durban
71%
Mountain in Alaska Denali
66%
City in France Dijon
64%
River in Russia Don
64%
River in Ukraine Dnieper
62%
Capital of Tanzania Dodoma
62%
Capital of Tajikistan Dushanbe
60%
5-Letter Town in England Dover
57%
City in Ukraine Donetsk
50%
City in North Carolina Durham
50%
Capital of Bali Denpasar
48%
City in Germany Dortmund
43%
City in Cameroon Douala
43%
City in Ukraine Dnipro
41%
City in Vietnam Da Nang
40%
City in South Korea Daegu
38%
City in New Zealand/Scotland Dunedin
36%
City in Hungary Debrecen
33%
City in Saudi Arabia Dammam
31%
No matching quizzes found
Score Distribution
Percent of People with Each Score
Percentile by Number Answered
Your Score History
You have not taken this quiz